00688nam a2200241 a 4500001001300000003000900013005001700022008004100039020000900080082001300089100002000102245002200122260005000144300000900194500003500203505001300238650002100251700002000272902000800292942000700300952012400307999001500431nice12345678IN_TiNIC20260116012620.0050524s1976 mada grp 000 0 eng  ac3500a241bFRE aFrenz, Albrecht aWhere Is Justice? aMaduraibTamilnadu Theological Seminaryc1976 a230p aincludes index and biblioraphy2 aAppendex aChristian-Ethics1 aFrenz, Albrecht bSRS cBK 001040708StackRoom-aHMIbHMId2007-06-28g35.00l1o241 FREp013735r2018-07-27s2018-07-23v35.00w2005-05-24yBK c7684d7684